| Tag |
First Indicator |
Second Indicator |
Subfields |
| LEADER |
00000cam a22000005a 4500 |
| 001 |
in00001402908 |
| 005 |
20151020053058.0 |
| 008 |
920210s1904 txua 000 0 eng d |
| 035 |
|
|
|a (OCoLC)25250854
|
| 035 |
|
|
|9 AHM6951AM
|
| 040 |
|
|
|a IXA
|c IXA
|d TXA
|d UtOrBLW
|
| 049 |
|
|
|a TXAS [tamu]
|
| 090 |
|
|
|a S537
|b .T87 1904
|
| 110 |
2 |
|
|a Texas A & M University.
|
| 245 |
1 |
2 |
|a A short course in agriculture at the Texas Agricultural and Mechanical College.
|
| 264 |
|
1 |
|a College Station :
|b [publisher not identified],
|c [1904]
|
| 300 |
|
|
|a 14 unnumbered pages :
|b illustrations ;
|c 20 cm.
|
| 336 |
|
|
|a text
|b txt
|2 rdacontent
|
| 337 |
|
|
|a unmediated
|b n
|2 rdamedia
|
| 338 |
|
|
|a volume
|b nc
|2 rdacarrier
|
| 500 |
|
|
|a "Jan. 4th to March 14th, 1904."
|
| 650 |
|
0 |
|a Agricultural education
|z Texas.
|
| 610 |
2 |
0 |
|a Texas A & M University.
|
| 999 |
|
|
|a MARS
|
| 999 |
f |
f |
|s 41476c71-affa-37dd-8071-7454c632c12d
|i 559fddfb-291a-3944-b8c5-b4757fbb9653
|t 0
|
| 952 |
f |
f |
|p noncirc
|a Texas A&M University
|b College Station
|c Cushing Memorial Library & Archives
|d Cushing: Texas A&M (Does not check out)
|t 0
|e S537 .T87 1904
|h Library of Congress classification
|i unmediated -- volume
|
| 998 |
f |
f |
|a S537 .T87 1904
|t 0
|l Cushing: Texas A&M (Does not check out)
|